Score 0/22 Timer 03:00
0 Plays Today
Two Clues 'N' Word % Correct
Pecan or almondNut
99.5%
L.A. Times or Washington PostNewspaper
96.1%
Ni or five centsNickel
92.9%
Mary Poppins or Fran FineNanny
92%
Mandela or RockefellerNelson
91.8%
Knitting or hypodermicNeedle
89.5%
7 or 1,428,722Number
87.7%
Patrick Harris or SedakaNeil
86.7%
Beatty or FlandersNed
84.1%
'Ulysses' or 'Great Expectations'Novel
82.9%
Minaj or PedersenNicki
82.9%
Two Clues 'N' Word % Correct
Schnoz or honkerNose
82%
Campbell or WattsNaomi
81.8%
Florence Nightingale or 'Hot Lips' HoulihanNurse
81.5%
Bates or MailerNorman
79.7%
Clownfish or CaptainNemo
79.2%
ABC or CBSNetwork
78.4%
Sister Mary Elephant or Sister FidelmaNun
75.4%
Norway or NamibiaNation
53%
Roofing or finishNail
45.1%
SpƤtzle or pancitNoodle
35.6%
Arethusa or Calypso Nymph
24.2%
Remove Ads.
Support Sporcle.
Get the best of Sporcle when you Go Orange. This ad-free experience offers more features, more stats, and more fun while also helping to support Sporcle. Thank you for becoming a member.

You're not logged in!

Compare scores with friends on all Sporcle quizzes.
OR
Log In

Show Comments

Extras

Top Quizzes Today


Score Distribution

Your Account Isn't Verified!

In order to create a playlist on Sporcle, you need to verify the email address you used during registration. Go to your Sporcle Settings to finish the process.

Report this User

Report this user for behavior that violates our Community Guidelines.

Details: